Business briefing (Record no. 109699)

MARC details
000 -LEADER
fixed length control field 01006cad a22002295a 4500
001 - CONTROL NUMBER
control field E147714
008 - FIXED-LENGTH DATA ELEMENTS--GENERAL INFORMATION
fixed length control field 090608s2009 xxu f 000 0 eng d
035 ## - SYSTEM CONTROL NUMBER
System control number (Sirsi) u147714
041 0# - LANGUAGE CODE
Language code of text/sound track or separate title eng
050 04 - LIBRARY OF CONGRESS CALL NUMBER
Classification number 333.33 $2 18
110 2# - MAIN ENTRY--CORPORATE NAME
Corporate name or jurisdiction name as entry element Cushman and Wakefield
9 (RLIN) 244
245 00 - TITLE STATEMENT
Title Business briefing
Remainder of title US retail, when the storm passes
Medium [electronic resource]
260 ## - PUBLICATION, DISTRIBUTION, ETC.
Place of publication, distribution, etc. [U.S.]
Name of publisher, distributor, etc. Cushman & Wakefield
Date of publication, distribution, etc. 2009
505 2# - FORMATTED CONTENTS NOTE
Formatted contents note A break in the rain? -- Market focus -- Conclusion
520 ## - SUMMARY, ETC.
Summary, etc. Suggests that the outlook for the retail sector is increasingly bright, although growth plans are more conservative. Demand and vacancy rates for retail property emphasise this, with retailers trying to rein in operating costs as much as possible.
521 ## - TARGET AUDIENCE NOTE
Target audience note Advanced
590 ## - LOCAL NOTE (RLIN)
Local note KA
651 #4 - SUBJECT ADDED ENTRY--GEOGRAPHIC NAME
Geographic name United States
Chronological subdivision 1959-
690 ## - LOCAL SUBJECT ADDED ENTRY--TOPICAL TERM (OCLC, RLIN)
Topical term or geographic name as entry element PROPERTY-COMMERCIAL PROPERTY-RETAIL PROPERTY
856 40 - ELECTRONIC LOCATION AND ACCESS
Uniform Resource Identifier <a href="https://www.cushwake.com">https://www.cushwake.com</a>
Public note View the report free of charge (requires registration) at www.cushwake.com...
942 ## - ADDED ENTRY ELEMENTS (KOHA)
Suppress in OPAC 0
Holdings
Withdrawn status Lost status Source of classification or shelving scheme Damaged status Not for loan Home library Current library Shelving location Date acquired Total Checkouts Full call number Barcode Date last seen Copy number Price effective from Koha item type
    Dewey Decimal Classification     Virtual Virtual Online 08/06/2009   ONLINE PUBLICATION 147714-2001 06/08/2019 1 06/08/2019 Book